000 00428nam a22001337a 4500
005 20160301063648.0
008 150327b xxu||||| |||| 00| 0 eng d
020 _a9780071605144
020 _a0071605142
041 0 _aeng
080 _a336
245 1 0 _aMarketing for financial advisors :
_cEric T. Bradlow, Keith E. Niedermeier, Patti Williams.
942 _2udc
_cBK
999 _c540
_d540